All Ghost-Type Pokémon moves (SV) - Statistics

General Stats
  • This quiz has been taken 69 times
  • The average score is 26 of 34
Answer Stats
Gen Category Base Power Description Answer % Correct
I Physical 30 The user licks the target with a long tongue to inflict damage. This may also leave the target with paralysis. Lick
100%
II Special 80 The user attacks by hurling a shadowy blob at the target. This may also lower the target’s Sp. Def stat. Shadow Ball
100%
IV Physical 40 The user extends its shadow and attacks the target from behind. This move always goes first. Shadow Sneak
100%
IV Physical 70 The user attacks by slashing the target with a sharp claw made from shadows. This move has a heightened chance of landing a critical hit. Shadow Claw
98%
VI Status - The user takes the target trick-or-treating. This adds Ghost type to the target's type. Trick-or-Treat
98%
II Status - A sleeping target sees a nightmare that inflicts some damage every turn. Nightmare
95%
III Physical 60 The user throws a punch from the shadows. This attack never misses. Shadow Punch
95%
III Physical 30 The user attacks the target by crying out in a startling fashion. This may also make the target flinch. Astonish
93%
I Status - The target is exposed to a sinister ray that causes confusion. Confuse Ray
93%
II Status - A move that has different effects depending on whether the user is a Ghost type or not. Curse
93%
II Status - If the user is knocked out after using this move, the Pokémon that knocked it out will also faint. This move's chance of failing rises if it is used in succession. Destiny Bond
93%
VI Physical 90 The user vanishes somewhere, then strikes the target on the next turn. This move hits even if the target protects itself. Phantom Force
93%
IV Physical 120 The user disappears on the first turn, then attacks on the next turn. This move hits even if the target protects itself. Shadow Force
93%
III Status - If the user faints, the user's grudge fully depletes the PP of the opponent's move that knocked it out. Grudge
90%
V Special 65 This relentless attack does massive damage to a target affected by status conditions. Hex
90%
IV Special 60 The user blasts the target with a gust of repulsive wind. This may also raise all the user's stats at once. Ominous Wind
90%
VII Physical 85 The user attacks by beating the target with a bone that contains a spirit. This may also lower the target's Defense stat. Shadow Bone
88%
I Special - The user makes the target see a frightening mirage. It inflicts damage equal to the user's level. Night Shade
86%
VII Physical 80 The user attacks while simultaneously stitching the target's shadow to the ground to prevent the target from fleeing. Spirit Shackle
79%
VIII Physical 110 The user attacks by controlling the target's item. This move fails if the target isn't holding an item. Poltergeist
76%
IX Physical 50 The user converts its rage into energy to attack. The more times the user has been hit by attacks, the greater the move's power. Rage Fist
76%
II Status - The user unleashes its grudge on the move last used by the target by cutting 4 PP from it. Spite
74%
VII Physical 90 The user hides in the target's shadow, steals the target's stat boosts, and then attacks. Spectral Thief
62%
IX Physical 50 The user attacks to avenge its allies. The more defeated allies there are in the user's party, the greater the move's power. Last Respects
60%
VIII Physical/Special - This is a Ghost-type attack Dynamax Pokémon use. This lowers the target's Defense stat. Max Phantasm
60%
VII Special 100 The user emits a sinister ray to attack the target. This move can be used on the target regardless of its Ability. Moongeist Beam
60%
VIII Special 120 The user attacks by sending a frightful amount of small ghosts at opposing Pokémon. Astral Barrage
55%
VII Physical/Special - Deep-seated grudges summoned by the user's Z-Power trap the target. The power varies, depending on the original move. Never-Ending Nightmare
50%
VII Physical 180 The user, Decidueye, creates countless arrows using its Z-Power and shoots the target with full force. Sinister Arrow Raid
50%
VIII Special 60 The user attacks with myriad fireballs. This may also leave the target with a burn. This move's power is doubled if the target has a status condition. Infernal Parade
43%
VIII Physical/Special - A Ghost-type attack that Gigantamax Gengar use. This Pokémon steps on the opposing Pokémon's shadow to prevent them from escaping. G-Max Terror
36%
VIII Special 75 The user attacks the target with spine-chilling resentment. This also lowers the target’s Attack stat. Bitter Malice
33%
VII Special 200 After obtaining Z-Power, the user, Lunala, attacks the target with full force. This move can ignore the effect of the target's Ability. Menacing Moonraze Maelstrom
33%
VII Physical 195 After obtaining Z-Power, the user, Marshadow, punches and kicks the target consecutively with full force. Soul-Stealing 7-Star Strike
26%
No matching quizzes found
Score Distribution
Percent of People with Each Score
Percentile by Number Answered
Your Score History
You have not taken this quiz